[Event "Cairo Al Ain op"]
[Site "Cairo"]
[Date "2023.11.30"]
[Round "7"]
[White "Mohamed Osman, Ahmed Mustafa"]
[Black "Morsy, Elsayed"]
[Result "1/2-1/2"]
[WhiteElo "1937"]
[BlackElo "2009"]
[PlyCount "49"]
[EventDate "2023.11.27"]
[EventType "swiss"]
[EventRounds "10"]
[EventCountry "EGY"]
[SourceTitle "CB49_2023"]
[SourceDate "2023.12.06"]
[SourceVersion "1"]
[SourceVersionDate "2023.12.06"]
[SourceQuality "1"]

1. e4 e5 2. Nf3 Nc6 3. d4 exd4 4. Nxd4 Bc5 5. Be3 Qf6 6. c3 Nge7 7. Be2 d6 8. 0-0 a6 9. Nc2 Bxe3 10. Nxe3 0-0 11. f4 Be6 12. Na3 Rad8 13. Nac2 Qh6 14. f5 Bc8 15. Ng4 Qg5 16. f6 Ng6 17. fxg7 Kxg7 18. Qc1 f6 19. Qxg5 fxg5 20. g3 Nge5 21. Nce3 Be6 22. b3 Kg6 23. Rad1 h5 24. Nxe5+ Nxe5 25. Kg2 1/2-1/2